000 00604nam a2200241Ia 4500
003 OSt
005 20220918210821.0
006 a|||||r|||| 00| 0
007 ta
008 220917b |||||||| |||| 00| 0 eng d
024 _a122,162
037 _cTextual
040 _aARTS
_cARTS
_beng
041 _2eng
_aeng
082 _aV8:2:N3, J2;1
100 _aNicholas H S
_9119302
245 0 _aAustralian constitution in analysis
250 _a2nd
260 _aNA
_bNA
_c1952
650 _aHISTORY
942 _hV8:2:N3, J2;1
_cTEXL
_2CC
999 _c245354
_d245354